000 00546ntaaa2200193 4500
003 01
005 20251027202412.0
008 0714s1973 ag 01
040 _aAR-BaBN
_bspa
_cAR-BaBN
_eaacr
_dRIC
082 _a286.0900 M46
100 _aMead, Frank S
_910418
245 _a>Los> bautistas
250 _a1 ed.
260 _aEl Paso :
_bCasa Bautista de Publicaciones,
_cn.f.
300 _a77 p
500 _aBreve relato de los comienzos bautistas y su mensaje.Ej. 5 (29027) libro perdido.
650 _ahistoria eclesiƔstica
942 _cBK
999 _c18931
_d18931